000 00919cam a22002773a 4500
001 21434
003 PGUSA
005 20140828083445.0
008 070514s2007||||xxu|||||s|||||000 | eng d
040 _aPGUSA
_beng
042 _adc
050 4 _aPR
100 1 _aFitzGerald, Edward,
_d1809-1883
245 1 0 _aLetters of Edward FitzGerald to Fanny Kemble (1871-1883)
_h[electronic resource] /
_cEdward FitzGerald
260 _bProject Gutenberg,
_c2007
506 _aPublic domain in the USA.
516 _aElectronic text
653 _aFitzGerald, Edward, 1809-1883
653 _aFitzGerald, Edward, 1809-1883 -- Correspondence
653 _aAuthors, English -- 19th century -- Correspondence
653 _aKemble, Fanny, 1809-1893 -- Correspondence
700 1 _aWright, William Aldis,
_d1831-1914
830 0 _aProject Gutenberg
_v21434
856 4 0 _uhttp://www.gutenberg.org/ebooks/21434
942 _cEB
999 _c250689
_d250689